Trvalo udržateľné riešenia

Problematika ako prepraviť viac a rýchlejšie a pritom menej zaťažiť životné prostredie. Odpovede na túto problematiku systematicky hľadá spoločnosť DHL. Lokálne doručovacie centrá. Využívanie ekologických elektrických vozidiel. DHL v Číne a Nemecku. Znižovanie uhlovodíkovej stopy.

Gespeichert in:
Bibliographische Detailangaben
1. Verfasser: Marianyi, Peter
Format: Buchkapitel
Sprache:Slowakisch
Schlagworte:
Tags: Tag hinzufügen
Keine Tags, Fügen Sie das erste Tag hinzu!

MARC

LEADER 00000naa a2200000 4500
001 0175792
005 20231011123248.7
041 0 |a slo 
044 |a SK 
245 1 0 |a Trvalo udržateľné riešenia  |c Peter Marianyi 
520 |a Problematika ako prepraviť viac a rýchlejšie a pritom menej zaťažiť životné prostredie. Odpovede na túto problematiku systematicky hľadá spoločnosť DHL. Lokálne doručovacie centrá. Využívanie ekologických elektrických vozidiel. DHL v Číne a Nemecku. Znižovanie uhlovodíkovej stopy. 
610 2 0 |a ekológia 
610 2 0 |a logistika 
610 2 0 |a doprava automobilová 
610 2 0 |a preprava 
610 2 0 |a distribúcia 
610 2 0 |a firmy 
100 1 |a Marianyi, Peter